<?xml version="1.0" encoding="UTF-8"?>
<record
    xmlns:xsi="http://www.w3.org/2001/XMLSchema-instance"
    xsi:schemaLocation="http://www.loc.gov/MARC21/slim http://www.loc.gov/standards/marcxml/schema/MARC21slim.xsd"
    xmlns="http://www.loc.gov/MARC21/slim">

  <leader>01527nab a2200265   4500</leader>
  <controlfield tag="003">AR-RoBPED</controlfield>
  <controlfield tag="005">20260429144422.0</controlfield>
  <controlfield tag="008">260429b        |||||||| |||| 00| 0 spa d</controlfield>
  <datafield tag="040" ind1=" " ind2=" ">
    <subfield code="a">AR-RoBPED</subfield>
  </datafield>
  <datafield tag="041" ind1=" " ind2=" ">
    <subfield code="a">spa</subfield>
  </datafield>
  <datafield tag="100" ind1="1" ind2=" ">
    <subfield code="a">Rodrigues, Cristina</subfield>
    <subfield code="9">24945</subfield>
    <subfield code="e">Doctora en Ciencias de la Educaci&#xF3;n y licenciada en Educaci&#xF3;n inicial </subfield>
  </datafield>
  <datafield tag="245" ind1="1" ind2=" ">
    <subfield code="a">Estrategias de ense&#xF1;anza con tecnolog&#xED;as educativas. </subfield>
    <subfield code="b">Un sendero de los entornos tecnol&#xF3;gicos de integraci&#xF3;n digital /</subfield>
  </datafield>
  <datafield tag="260" ind1=" " ind2=" ">
    <subfield code="a">Buenos Aires :</subfield>
    <subfield code="b">Noveduc,</subfield>
    <subfield code="c">2023</subfield>
  </datafield>
  <datafield tag="300" ind1=" " ind2=" ">
    <subfield code="a">14-19 p.</subfield>
  </datafield>
  <datafield tag="500" ind1=" " ind2=" ">
    <subfield code="a">El texto aborda la importancia de las estrategias de ense&#xF1;anza y aprendizaje con tecnolog&#xED;as educativas. Se destaca c&#xF3;mo los docentes significan y se apropian de estas herramientas promoviendo la integraci&#xF3;n digital en las aulas. Las narrativas docentes permiten reflexionar sobre estas experiencias, y se enfatiza la necesidad de conectar la teor&#xED;a con la pr&#xE1;ctica. Los ETID (Entornos Tecnol&#xF3;gicos de Integraci&#xF3;n Digital) facilitan la transformaci&#xF3;n educativa y requieren una constante adaptaci&#xF3;n a un entorno en evoluci&#xF3;n. </subfield>
  </datafield>
  <datafield tag="650" ind1=" " ind2="7">
    <subfield code="a">TECNOLOGIA EDUCACIONAL</subfield>
    <subfield code="9">341</subfield>
  </datafield>
  <datafield tag="650" ind1=" " ind2="7">
    <subfield code="a">DIDACTICA</subfield>
    <subfield code="9">167</subfield>
  </datafield>
  <datafield tag="650" ind1=" " ind2="7">
    <subfield code="a">INTEGRACION</subfield>
    <subfield code="9">7390</subfield>
  </datafield>
  <datafield tag="650" ind1=" " ind2="7">
    <subfield code="a">ROL DEL DOCENTE</subfield>
    <subfield code="9">869</subfield>
  </datafield>
  <datafield tag="650" ind1=" " ind2="7">
    <subfield code="a">ESTRATEGIAS DE ENSE&#xD1;ANZA</subfield>
    <subfield code="9">12825</subfield>
  </datafield>
  <datafield tag="650" ind1=" " ind2="7">
    <subfield code="a">DOCENTES</subfield>
    <subfield code="9">344</subfield>
  </datafield>
  <datafield tag="773" ind1="0" ind2=" ">
    <subfield code="0">20414</subfield>
    <subfield code="9">40098</subfield>
    <subfield code="d">Buenos Aires :  Noveduc,  1993-</subfield>
    <subfield code="t">Novedades Educativas</subfield>
    <subfield code="w">(AR-RoBPED)20414</subfield>
    <subfield code="x">03283534</subfield>
  </datafield>
  <datafield tag="942" ind1=" " ind2=" ">
    <subfield code="2">udc</subfield>
    <subfield code="c">REV</subfield>
    <subfield code="h">37(05)</subfield>
    <subfield code="m">Nov 86 N&#xB0; 393 (Dic.2023)</subfield>
    <subfield code="a">k.32667</subfield>
  </datafield>
  <datafield tag="945" ind1=" " ind2=" ">
    <subfield code="a">mar 04/2026</subfield>
  </datafield>
  <datafield tag="999" ind1=" " ind2=" ">
    <subfield code="c">32667</subfield>
    <subfield code="d">32667</subfield>
  </datafield>
</record>
